00672nam a2200229 a 4500001001300000003000900013005001700022008004100039020002300080082001500103100001800118245003600136260002500172300000900197500003500206650002100241700001800262902000800280942000700288952013000295999001700425nice12345678IN_TiNIC20260116014930.0070914s1986 lona grp 000 0 eng  a028104189X c10000a235.2bPOR aPorter, David aMother Teresab The Early Years aLondon bSPCK c1986 a100p aincludes index and biblioraphy aSaints-Christian1 aPorter, David bSRS cBK 001040708StackRoom-aHMIbHMId2007-09-14g100.00l1o235.2 PORp11001839r2022-07-13s2022-07-04v100.00w2007-09-14yBK c17597d17597